Statistics for Top 50 NFL Football Players of All Time

Click here to take the quiz!

General Stats

  • This quiz has been taken 2,605 times
    (601 since last reset)
  • The average score is 17 of 50

Answer Stats

PositionAnswer% Correct
QBTom Brady
98%
WRJerry Rice
89%
QBJoe Montana
86%
QBPeyton Manning
77%
WRRandy Moss
76%
RBBarry Sanders
72%
CBDeion Sanders
71%
RBEmmitt Smith
63%
DEBruce Smith
62%
WRCalvin Johnson
54%
LBRay Lewis
52%
QBDrew Brees
51%
RBJim Brown
51%
QBDan Marino
50%
QBBrett Favre
47%
LBLawrence Taylor
45%
RBWalter Payton
42%
QBJohn Elway
36%
QBJohnny Unitas
34%
TETony Gonzalez
33%
SEd Reed
32%
DEDeacon Jones
30%
DEReggie White
30%
DTJoe Greene
26%
QBOtto Graham
26%
RBLaDainian Tomlinson
24%
DTAaron Donald
21%
LBJack Lambert
21%
RBMarcus Allen
21%
CBDarrelle Revis
20%
CBRod Woodson
20%
SRonnie Lott
20%
CBDick Lane
19%
QBPatrick Mahomes
19%
OTJoe Thomas
18%
RBMarshall Faulk
18%
OTAnthony Munoz
17%
LBDerrick Thomas
17%
LBDick Butkus
15%
RBOJ Simpson
15%
QBAaron Rodgers
13%
OGJohn Hannah
11%
DEJJ Watt
10%
QBSammy Baugh
10%
RBEarl Campbell
9%
WRDon Hutson
8%
CBMel Blount
7%
OLBruce Matthews
6%
CJim Otto
2%
RBRed Grange
2%

Score Distribution

Percentile by Number Answered

Percent of People with Each Score

Your Score History

You have not taken this quiz since the last reset